Cookie Run: Kingdom- ALL COOKIES - Statistics

General Stats
  • This quiz has been taken 137 times
  • The average score is 20 of 132
Answer Stats
Hint Answer % Correct
The Greenish Red Dragon Pitaya Dragon Cookie
28%
Former Royal Advisor of Dark Cacao Cookie; Hungry for power Affogato Cookie
27%
Believes cookies should work for food; Vegetable Carrot Cookie
25%
Made with protein powder; Works out daily Muscle Cookie
25%
Burning Spice Cookie's Military General; Half Cookie, Half Tiger Nutmeg Tiger Cookie
25%
Former Prince of a "Fallen Kingdom"; Chocolate Dark Choco Cookie
24%
Loves rice cakes; can turn into a giant bunny that cannot be stopped Moon Rabbit Cookie
24%
Feeds everyone his "Shroomies" Poison Mushroom Cookie
24%
Cannot talk in their Cookie Form; Sea Creature Sorbet Shark Cookie
24%
Cherry Cookie's sister; obsessed over picnics Cherry Blossom Cookie
23%
Main Character; Courageous GingerBrave
23%
Takes care of many, many plants Herb Cookie
23%
Can tell the future with their beard and crystal ball Prophet Cookie
23%
Former ruler of the Vanilla Kingdom; Light of Truth Pure Vanilla Cookie
23%
Not a Cookie; Travels the Galaxy with Stardust Cookie Space Doughnut
23%
Sorcerer with a fake beard; Pointy-Hat Wizard Cookie
23%
Captain of the Creme Republics' Navy; House Caviar Captain Caviar Cookie
21%
Loves Christmas and Music Carol Cookie
21%
A focused Piano Player Creme Brulee Cookie
21%
Original owner of Hollyberry Cookie's Soul Jam; Virtue of Sloth/Happiness Eternal Sugar Cookie
21%
Founder of the Mala Tribe in Dragons Valley Mala Sauce Cookie
21%
Sleepy Train Conductor; doesn't do her job Milky Way Cookie
21%
Street Performer; Affiliated with Cocoa Cookie Mint Choco Cookie
21%
Original owner of Dark Cacao Cookie's Soul Jam; Virtue of Apathy/Volition Mystic Flour Cookie
21%
Original owner of White Lily Cookie's Soul Jam; Virtue of Silence/Solidarity Silent Salt Cookie
21%
A giant sea creature; Cries tears of ink Squid Ink Cookie
21%
Brother of Moonlight Cookie; Forgotten and Discarded by the Wizards Stardust Cookie
21%
Engineer of the Vanilla Kingdom; Wafflebots Strawberry Crepe Cookie
21%
Rides a motorcycle in the Town Square Street Urchin Cookie
21%
Transformed into Dark Enchantress Cookie; Light of Freedom White Lily Cookie
21%
Original owner of Golden Cheese Cookie's Soul Jam; Virtue of Destruction/Change Burning Spice Cookie
20%
Nicknamed the "Spice Overlord;" Shackled Capsaicin Cookie
20%
Swift and Feisty Thief; on the run from Rye Cookie Chili Pepper Cookie
20%
Half Cookie, Half Horse; Irish Accent Fig Cookie
20%
A Queen filled with radiance; Light of Abundance Golden Cheese Cookie
20%
Originally an Icicle; Abominable Snowman Icicle Yeti Cookie
20%
Her sister's spirit is in her doll, Pompon; Spooky Season Pumpkin Pie Cookie
20%
Yearns to reach the Moon; Elemental Sea Fairy Cookie
20%
Expert Bartender Sparkling Cookie
20%
Constable in Parfaedia; Affiliations with Cream Puff Cookie and Latte Cookie Almond Cookie
19%
Made with Dried Grapes; A serious, but loving protector Black Raisin Cookie
19%
Takes care of stuff in the Town Square; A Pastry Caramel Choux Cookie
19%
Obsessed with Bombs Cherry Cookie
19%
The oldest Gem Mermaid when Tearcrown was destroyed; Red Crimson Coral Cookie
19%
Warrior and Military Leader of the Dark Cacao Wolves Crunchy Chip Cookie
19%
Encourages everything unhealthy; Deathly afraid of Angel Cookie Devil Cookie
19%
A thrilled Historian with a plethora of relics from around earthbread Eclair Cookie
19%
She is the drummer in a marching band Macaron Cookie
19%
A little baby Dragon Snapdragon Cookie
19%
Warrior in the Tea Leaf Knights; Relations with Hollyberry Cookie Tea Knight Cookie
19%
Royal Bodyguard of Hollyberry Cookie; Hates Berry Juice Wildberry Cookie
19%
A former Gem Mermaid; Giant of the Duskgloom Sea Black Pearl Cookie
17%
The First Watcher of the Dark Cacao Kingdom Caramel Arrow Cookie
17%
Transforms; Servant of Mystic Flour Cookie Cloud Haetae Cookie
17%
Undead; Wrapped in stale noodles Fettucine Cookie
17%
Cut off the Red Dragons' tail; protecter of Princess Cookie Knight Cookie
17%
Watches over the City of Wizards; Elemental Moonlight Cookie
17%
Curious, archeologist; Researching the Golden Cheese Kingdom Olive Cookie
17%
Matriarch of House Oyster; The most powerful member of the Creme Republic Council Oyster Cookie
17%
Adventerous Princess of the Hollyberry Kingdom Princess Cookie
17%
Determined to catch a Red-Hot Thief; Bounty Hunter Rye Cookie
17%
Feisty Ever-Powerful Sky God; Elemental Stormbringer Cookie
17%
Trapped Librarian in the City of Wizards Blueberry Pie Cookie
16%
Explored the Duskgloom Sea with Captain Caviar Cookie Candy Diver Cookie
16%
Made of Caffeine and Milk; Great relations with Cream Puff Cookie Latte Cookie
16%
Famous Murder Mystery Writer; Friend of Creme Brulee Cookie Linzer Cookie
16%
Trying to learn to fly; Not a Waffle Pancake Cookie
16%
A popstar with pretty toppings Parfait Cookie
16%
Born to fence; House Raspberry Raspberry Cookie
16%
Wyvern Ryder; Made of fake butter Royal Margarine
16%
Original owner of Pure Vanilla Cookie's Soul Jam; Virtue of Deceit/Knowledge Shadow Milk Cookie
16%
The feisty, Scientist older sister Alchemist Cookie
15%
Only Drinks Hot Chocolate Cocoa Cookie
15%
Ruler of a "Fallen Kingdom;" Light of Resolution Dark Cacao Cookie
15%
Protects the Silver Tree in Beast Yeast Elder Faerie Cookie
15%
A drunk, loving, happy Queen; Light of Passion Hollyberry Cookie
15%
This "Cookie" suspiciously has 9 tails? Kumiho Cookie
15%
Found the Giants Great Ocean; Lighthouse Star Coral Cookie
15%
Raised in the wilderness; Long-lost sister of Princess Cookie Tiger Lily Cookie
15%
A drunk younger brother; Transforms into a Bat Vampire Cookie
15%
Camps out with her tribe; Root Vegetable Beet Cookie
13%
A violent, giant cake hound Choco Werehound Brute
13%
King of the Cookie Kingdom; "Descendant" of the Vanilla Kingdom Custard Cookie III
13%
Used to be the maid of White Pearl Cookie Frilled Jellyfish Cookie
13%
Loves to paint with his collection of colours Gumball Cookie
13%
Triple Cone Cup Contender; Paladin Academy Kouign-Amann Cookie
13%
A cookie who feeds tired travelers; Mystic Flour Cookie Peach Blossom Cookie
13%
Dark Enchantress Cookies' most loyal follower Pomegranate Cookie
13%
Friend of Cotton Cookie; Frost Spirit Sherbet Cookie
13%
He protects the Faerie Kingdom; A poisonous flower Silverbell Cookie
13%
Became a Cookie to protect the Forest; Elemental Wind Archer Cookie
13%
Lucky Cookie; Nature and Animals Clover Cookie
12%
Protector of Clotted Cream Cookie; Paladin Financier Cookie
12%
A fun-loving tropical tourist; made of fruit Mango Cookie
12%
Protects Elder Faerie Cookie Mercurial Knight Cookie
12%
Mixes Magical Potions; Triple Cone Cup Champion; Parfaedia Prune Juice Cookie
12%
Grandson of Cotton Cookie; Snow Cone Snow Sugar Cookie
12%
Dragon Hunter; Friend of Hollyberry Cookie Tarte Tatin Cookie
12%
Messes with timelines; the TBD is after her Twizzly Gummy Cookie
12%
It is her res-pun-sibility to make jokes Avocado Cookie
11%
Consul of the Creme Republic; Adopted by House Custard Clotted Cream Cookie
11%
A sweet shepherd from snowfall village Cotton Cookie
11%
Officially became a Wizard; A type of Pastry from Parfaedia Cream Puff Cookie
11%
Turns into a mythical animal at will; Apart of the Disney Crossover Event Cream Unicorn Cookie
11%
Famous Former Paladin of the Creme Republic; Giant Ego Madeleine Cookie
11%
Military Leader of the Cake Monster Army; Half Cookie, Half Cake Red Velvet Cookie
11%
Pop/Rock Superstar; Summer Soda Festival Shining Glitter Cookie
11%
Gem mermaid who controls nature and plants Aquamarine Cookie
9%
Employed by Adventurer Cookie; Protects Onion Cookie Blackberry Cookie
9%
Leader of the Axis power in the Dark Flour War Dark Enchantress Cookie
9%
Oversees All Life on Earthbread; The Most Powerful Entity on all Continents; Elemental Millennial Tree Cookie
9%
Works in the Divine St. Pasty Order; Nun Pastry Cookie
9%
Protects the animals of the forest; affiliated with Carol Cookie Pinecone Cookie
9%
Originally made a deal with the Red Dragon; Elemental Fire Spirit Cookie
8%
Sister and Failed Clone of Dark Enchantress Cookie Matcha Cookie
8%
Addicted to gambling; High-Ranking Golden Cheese Denizen Mozzarella Cookie
8%
Steals from the Rich, and Gives to the Poor; Swift as the Wind Rebel Cookie
8%
Protector of Cream Yogurt Cookie Lilac Cookie
7%
Listens to the sea with her Conch Shell; Whales and Sailors Peppermint Cookie
7%
Helps to try to create the "Perfect" Cookie Butter Roll Cookie
5%
Takes care of the children in the Town Square Cream Ferret Cookie
5%
Former resident of the Dark Cacao Kingdom; Allied with Dark Enchantress Cookie Licorice Cookie
5%
Brave and Curious Employer Adventurer Cookie
4%
Dreams of Flying; Suspicious Stare Angel Cookie
4%
Never sleeps; Giant Ego Espresso Cookie
3%
Gem Mermaid who controls the weather Mystic Opal Cookie
3%
A swift, silent virtuoso Ninja Cookie
3%
An angry potato Purple Yam Cookie
3%
One of the first musicians in the Cookie World Rockstar Cookie
3%
Transforms into a Beast; Insecure Werewolf Cookie
3%
Oversees All Life Powder on Earthbread; Elemental Frost Queen Cookie
1%
Descendant of the Dark Cacao Cookie; a drink Milk Cookie
1%
No matching quizzes found
Score Distribution
Percent of People with Each Score
Percentile by Number Answered
Your Score History
You have not taken this quiz